000 00564nam a2200181Ia 4500
001 8201
005 20260306160551.0
008 260306t2007||||xx |||||||||||||| ||spa||
041 _aESP
082 _a370.15
_bF38
100 _aFerreyra, Horacio A.
_eAUT
245 0 _aTeorías y enfoques psicoeducativos del aprendizaje:
_baportes conceptuales básicos. El modelo de enlace para la interpretación de las prácticas escolares en contexto
260 _c2007
300 _a160 páginas :
_c22 cm.
650 _aGEN
654 _aCED
942 _cLIB
_dJUS
_fJUS
_2ddc
_n
999 _c8201
_d8201